Homeworks : the complete guide to displaying your possessions /

Bibliographic Details
Main Author: Guild, Robin
Format: Book
Language:English
Published: New York : Van Nostrand Reinhold, 1979.
Subjects:

MARC

Tag First Indicator Second Indicator Subfields
LEADER 00000cam a22000008i 4500
001 in00000097970
005 20150925115337.0
008 790406s1979 nyua 00110 eng
010 |a  79014421  
020 |a 0442245769 
035 |a (OCoLC)04907797 
035 |9 AAL3165AM 
040 |a DLC  |c DLC  |d TXA  |d UtOrBLW 
049 |a TXAM  |c [1421041] 
050 0 0 |a NK2113  |b .G83 
082 0 |a 747/.01/9 
100 1 |a Guild, Robin. 
245 1 0 |a Homeworks :  |b the complete guide to displaying your possessions /  |c Robin Guild. 
263 |a 7910 
264 1 |a New York :  |b Van Nostrand Reinhold,  |c 1979. 
300 |a 263 pages :  |b illustrations (some color) ;  |c 30 cm. 
336 |a text  |b txt  |2 rdacontent 
337 |a unmediated  |b n  |2 rdamedia 
338 |a volume  |b nc  |2 rdacarrier 
500 |a Includes index. 
650 0 |a Interior decoration  |x Psychological aspects. 
999 |a MARS 
999 f f |s e1e0a973-b710-3665-b984-b5f4034f6c69  |i 1c5327a1-d95f-302d-8d8c-a595a6ea8d10  |t 0 
952 f f |p normal  |a Texas A&M University  |b College Station  |c Sterling C. Evans Library  |d Evans: Library Stacks  |t 0  |e NK2113 .G83  |h Library of Congress classification  |i unmediated -- volume  |m A14803502058 
998 f f |a NK2113 .G83  |t 0  |l Evans: Library Stacks